Statistiques concernant Culture Générale - Série 1496

Cliquez ici pour prendre le quiz!

Statistiques générales

  • Ce quiz a été pris 35 fois
  • Le résultat moyen est 5 sur 10

Statistiques - réponses

Question Réponse % Correct
Quelle locution latine, signifiant littéralement la "voix du peuple", désigne l'opinion du plus grand nombre ?vox populi
82%
Quel animal légendaire est l'un des symboles du Pays de Galles, présent sur son drapeau ?dragon
76%
Quelle femme de lettres française est l'auteur de la série des "Claudine", parue entre 1900 et 1903 ?Colette
76%
Quel cinéaste français a réalisé les films : "Mon oncle" et "Playtime" ?Jacques Tati
67%
En France, quel mot anglais désigne communément la pratique consistant à personnaliser un véhicule de série ?tuning
64%
Quel animal est le pagel ou pageot ?poisson
42%
Quelle fille est le grand amour de Titeuf ?Nadia
42%
Dans quel recueil d'Apollinaire trouve-t-on le poème intitulé “Le Pont Mirabeau” ?Alcools
33%
Dans l'Égypte ancienne, le prêtre chargé de momifier les corps des défunts était appelé un...embaumeur
21%
Quelle est cette plante vénéneuse dont l'anagramme est "action" ?aconit
15%

Distribution des résultats

Percentile par nombre de réponses

% des personnes avec chaque résultat

Votre développement - résultats

Vous n’avez pas pris ce quiz